Medicinal Inorganic Chemistry (Record no. 74827)

MARC details
000 -LEADER
fixed length control field 00416pam a2200157 a 4500
020 ## - INTERNATIONAL STANDARD BOOK NUMBER
International Standard Book Number 9780195686982
Terms of availability
041 ## - LANGUAGE CODE
Language code of text/sound track or separate title eng
082 ## - DEWEY DECIMAL CLASSIFICATION NUMBER
Classification number 615.19
Item number SES
100 ## - MAIN ENTRY--PERSONAL NAME
Personal name Sessler, J L.
245 ## - TITLE STATEMENT
Title Medicinal Inorganic Chemistry
Medium Textual Documents
260 ## - PUBLICATION, DISTRIBUTION, ETC.
Place of publication, distribution, etc. Washington:
Name of publisher, distributor, etc. American Chemical Society,
Date of publication, distribution, etc. 2005.
300 ## - PHYSICAL DESCRIPTION
Extent 453.
653 ## - INDEX TERM--UNCONTROLLED
Uncontrolled term Pharmaceutical/Medicinal Chemistry
700 ## - ADDED ENTRY--PERSONAL NAME
Personal name Doctrow, S R.
930 ## - EQUIVALENCE OR CROSS-REFERENCE-UNIFORM TITLE HEADING [LOCAL, CANADA]
Uniform title 1536
Holdings
Withdrawn status Lost status Damaged status Not for loan Collection Home library Current library Date acquired Source of acquisition Cost, normal purchase price Total Checkouts Full call number Barcode Date last seen Copy number Price effective from Koha item type
          Poona College of Pharmacy, Pune Poona College of Pharmacy, Pune 18/12/2006 Sai Book Centre 1295.00   615.19 SES PCP-SAP-32 24/02/2023 3 24/02/2023 Book
          Poona College of Pharmacy, Pune Poona College of Pharmacy, Pune 18/12/2006 Sai Book Centre 1295.00   615.19 SES PCP-SAP-31 24/02/2023 2 24/02/2023 Book
          Poona College of Pharmacy, Pune Poona College of Pharmacy, Pune 18/12/2006 Sai Book Centre 1295.00   615.19 SES PCP-SAP-30 24/02/2023 1 24/02/2023 Book